Statistics for NCAA FCS National Champions

Click here to take the quiz!

General Stats

  • This quiz has been taken 570 times
    (306 since last reset)
  • The average score is 23 of 44

Answer Stats

YearAnswer% Correct
2021North Dakota State
97%
2015North Dakota State
97%
2011North Dakota State
97%
2013North Dakota State
97%
2014North Dakota State
97%
2012North Dakota State
97%
2017North Dakota State
97%
2018North Dakota State
97%
2019North Dakota State
97%
2016James Madison
70%
2004James Madison
70%
1995Montana
66%
2001Montana
66%
1984Montana State
61%
2020Sam Houston State
59%
2007Appalachian State
53%
2006Appalachian State
53%
2005Appalachian State
53%
2009Villanova
48%
2010Eastern Washington
47%
1981Idaho State
46%
1985Georgia Southern
42%
1986Georgia Southern
42%
1989Georgia Southern
42%
1990Georgia Southern
42%
1999Georgia Southern
42%
2000Georgia Southern
42%
1994Youngstown State
39%
1993Youngstown State
39%
1991Youngstown State
39%
1997Youngstown State
39%
2003Delaware
36%
1996Marshall
35%
1992Marshall
35%
2008Richmond
34%
1980Boise State
32%
1998Massachusetts
31%
1983Southern Illinois
27%
2002Western Kentucky
27%
1988Furman
25%
1982Eastern Kentucky
23%
1979Eastern Kentucky
23%
1978Florida A&M
20%
1987Northeast Louisiana
7%

Score Distribution

Percentile by Number Answered

Percent of People with Each Score

Your Score History

You have not taken this quiz since the last reset